Odhaľte skrytú hodnotu úspešných predajov

Ako súvisí úspech s optimizmom. Tri faktory, ktoré rozhodujú o úspechu agenta. Rady, ako zvládnuť pesimistu v tíme. Skrytá hodnota úspešných predajov. Dve situácie, kedy a ako hľadať faktory úspechu. Informácie získané od zákazníka zužitkované pri predaji.

Saved in:
Bibliographic Details
Main Author: Mišík, Martin
Format: Book Chapter
Language:Slovak
Subjects:
Tags: Add Tag
No Tags, Be the first to tag this record!

MARC

LEADER 00000naa a2200000 4500
001 0259744
005 20191119125302.9
041 0 |a slo 
044 |a SK 
245 1 0 |a Odhaľte skrytú hodnotu úspešných predajov  |c Martin Mišík 
520 |a Ako súvisí úspech s optimizmom. Tri faktory, ktoré rozhodujú o úspechu agenta. Rady, ako zvládnuť pesimistu v tíme. Skrytá hodnota úspešných predajov. Dve situácie, kedy a ako hľadať faktory úspechu. Informácie získané od zákazníka zužitkované pri predaji. 
610 2 0 |a obchod 
610 2 0 |a predaj 
610 2 0 |a zákazníci 
610 2 0 |a komunikácia 
610 2 0 |a informácie 
100 1 |a Mišík, Martin